Handbook on the estimation of metallurgical process costs / (Record no. 114852)
[ view plain ]
| 000 -LEADER | |
|---|---|
| fixed length control field | 00470cam a2200157 4500 |
| 008 - FIXED-LENGTH DATA ELEMENTS--GENERAL INFORMATION | |
| fixed length control field | 100715n 000 0 eng u |
| 035 ## - SYSTEM CONTROL NUMBER | |
| System control number | (Sirsi) a170425 |
| 050 ## - LIBRARY OF CONGRESS CALL NUMBER | |
| Classification number | TN 673 RUH 1991 |
| 100 ## - MAIN ENTRY--PERSONAL NAME | |
| Personal name | Ruhmer, W.T. |
| 245 ## - TITLE STATEMENT | |
| Title | Handbook on the estimation of metallurgical process costs / |
| Statement of responsibility, etc. | by W.T. Ruhmer. |
| 250 ## - EDITION STATEMENT | |
| Edition statement | 2nd ed. |
| 260 ## - PUBLICATION, DISTRIBUTION, ETC. | |
| Place of publication, distribution, etc. | Randburg : |
| Name of publisher, distributor, etc. | Mintek, |
| Date of publication, distribution, etc. | 1991. |
| 300 ## - PHYSICAL DESCRIPTION | |
| Extent | 175p. |
| 500 ## - GENERAL NOTE | |
| General note | special publication no. 14 |
| 650 ## - SUBJECT ADDED ENTRY--TOPICAL TERM | |
| Topical term or geographic name entry element | Metallurgical Processes. |
No items available.